Laughing now / (Record no. 5435)
[ view plain ]
| 000 -LEADER | |
|---|---|
| fixed length control field | 00624cam a22002057a 4500 |
| 001 - CONTROL NUMBER | |
| control field | 0000005652 |
| 005 - DATE AND TIME OF LATEST TRANSACTION | |
| control field | 20170406120903.0 |
| 008 - FIXED-LENGTH DATA ELEMENTS--GENERAL INFORMATION | |
| fixed length control field | 080331s2007 rh 000 j eng |
| 010 ## - LIBRARY OF CONGRESS CONTROL NUMBER | |
| LC control number | 2008315128 |
| 020 ## - INTERNATIONAL STANDARD BOOK NUMBER | |
| International Standard Book Number | 9781779220684 |
| 040 ## - CATALOGING SOURCE | |
| Original cataloging agency | DLC |
| Transcribing agency | DLC |
| 042 ## - AUTHENTICATION CODE | |
| Authentication code | ode=LC overseas data entry |
| 050 00 - LIBRARY OF CONGRESS CALL NUMBER | |
| Classification number | MLCS 2008/00628 (P) |
| 245 00 - TITLE STATEMENT | |
| Title | Laughing now / |
| Statement of responsibility, etc. | edited by Irene Staunton. |
| 246 1# - VARYING FORM OF TITLE | |
| Display text | Other title information from cover: |
| Title proper/short title | New stories from Zimbabwe |
| 260 ## - PUBLICATION, DISTRIBUTION, ETC. | |
| Place of publication, distribution, etc. | Harare : |
| Name of publisher, distributor, etc. | Weaver Press, |
| Date of publication, distribution, etc. | 2007. |
| 300 ## - PHYSICAL DESCRIPTION | |
| Extent | x i, 110 p. ; |
| Dimensions | 21 cm. |
| 700 1# - ADDED ENTRY--PERSONAL NAME | |
| Personal name | Staunton, Irene. |
| 852 1# - LOCATION | |
| -- | p12.00usd |
| 908 ## - PUT COMMAND PARAMETER (RLIN) | |
| Put command parameter | 150115 |
| Withdrawn status | Lost status | Source of classification or shelving scheme | Damaged status | Not for loan | Home library | Current library | Shelving location | Date acquired | Total Checkouts | Full call number | Barcode | Date last seen | Copy number | Price effective from | Koha item type |
|---|---|---|---|---|---|---|---|---|---|---|---|---|---|---|---|
| CUZ Harare Campus | CUZ Harare Campus | Open Shelf | 06.04.2017 | MLCS 00628 p | BK0006764 | 22.05.2025 | CU12898 | 06.04.2017 | OS Book |